Cesta k rekonciliácii: Prípad Kolumbie diplomová práca

Na minha lista:
Detalhes bibliográficos
Autor principal: Vadovič, Adam
Autor Corporativo: Fakulta medzinárodných vzťahov EU. Katedra medzinárodných politických vzťahov
Outros Autores: Goda, Samuel
Formato: Livro
Idioma:eslovaco
Publicado em: Bratislava 2018
Tags: Adicionar Tag
Sem tags, seja o primeiro a adicionar uma tag!

MARC

LEADER 00000nbm a2200000 4500
001 0244472
005 20180807080852.2
041 0 |a slo 
044 |a SK 
245 1 0 |a Cesta k rekonciliácii: Prípad Kolumbie  |b diplomová práca  |c Adam Vadovič ; školiteľ: Samuel Goda 
264 1 |a Bratislava  |c 2018 
300 |a 85 s. 
100 1 |a Vadovič, Adam 
700 1 |a Goda, Samuel 
710 2 |a Fakulta medzinárodných vzťahov EU. Katedra medzinárodných politických vzťahov